00517nam a22001577a 450000500170000000800410001702000150005804100130007308200150008610000270010124501030012825000190023126000470025030000360029765000260033320231121125427.0231121b |||||||| |||| 00| 0 eng d a0702143960 aEnglish  a342.8 MEY  aMeyerson, D lEnglish  aRights Limited : Freedom of Expression, Religion and the South African Constitution /cD Meyerson  aFirst Edition  aCape Town : bJuta and Company Ltd, c1997 bxxviii, 185 pages ; c25,6 cm.  aLegal practice bLaw